Proceedings of the Seventh International Conference on Experimental Stress Analysis (Record no. 34174)
[ view plain ]
| 000 -LEADER | |
|---|---|
| fixed length control field | 00397nam a22001217a 4500 |
| 082 ## - DEWEY DECIMAL CLASSIFICATION NUMBER | |
| Classification number | 620.1123 |
| 100 ## - MAIN ENTRY--PERSONAL NAME | |
| Personal name | Permanent Committee for Stress Analysis |
| 245 ## - TITLE STATEMENT | |
| Title | Proceedings of the Seventh International Conference on Experimental Stress Analysis |
| 260 ## - PUBLICATION, DISTRIBUTION, ETC. | |
| Place of publication, distribution, etc. | Haifa, Israel : |
| Name of publisher, distributor, etc. | Technion, Israel Institute of Technology, |
| Date of publication, distribution, etc. | 1982. |
| 300 ## - PHYSICAL DESCRIPTION | |
| Extent | 632 p. ; |
| Other physical details | 24 cm. |
| 500 ## - GENERAL NOTE | |
| General note | Paperback. |
| 942 ## - ADDED ENTRY ELEMENTS (KOHA) | |
| Koha item type | Book |
| Withdrawn status | Lost status | Source of classification or shelving scheme | Damaged status | Not for loan | Permanent Location | Current Location | Shelving location | Date acquired | Full call number | Barcode | Date last seen | Price effective from | Koha item type |
|---|---|---|---|---|---|---|---|---|---|---|---|---|---|
| School of Mechanical & Manufacturing Engineering (SMME) | School of Mechanical & Manufacturing Engineering (SMME) | Book Bank | 07/29/2016 | 620.1123 | SMME-BB175 | 04/02/2018 | 07/29/2016 | Book |
